ARRUPE JESUIT UNIVERSITY

CORONAVIRUS -STOP THE SPREAD - CLEAN,DISINFECT,COVER
Normal view MARC view

Entry Topical Term

Number of records used in: 1

001 - CONTROL NUMBER

  • control field: 1713

003 - CONTROL NUMBER IDENTIFIER

  • control field: ARRUPE

005 - DATE AND TIME OF LATEST TRANSACTION

  • control field: 20130927171310.0

008 - FIXED-LENGTH DATA ELEMENTS

  • fixed length control field: 130927|| aca||aabn | a|a d

040 ## - CATALOGING SOURCE

  • Original cataloging agency: ARRUPE
  • Transcribing agency: ARRUPE

150 ## - HEADING--TOPICAL TERM

  • Topical term or geographic name as entry element: Lord's Supper
  • General subdivision: Biblical teaching.

670 ## - SOURCE DATA FOUND

  • Source citation: Work cat.: (ARRUPE)0: Higgins, A. J. B. (Angus John Brockhurst) 1711, The Lord's Supper in the New Testament., [1952]

 

Arrupe Library. PO Box MP320 Mt Pleasant, Harare, Zimbabwe
263 242 745411|librarian@aju.ac.zw